[Event "III Open Hotel Petra FIDE"]
[Site "Roma ITA"]
[Date "2005.03.18"]
[Round "5"]
[White "Barletta, Antonio"]
[Black "Ramondino, Renzo"]
[Result "0-1"]
[WhiteElo "2081"]
[BlackElo "2220"]
[PlyCount "132"]
[EventDate "2005.03.14"]

1. e4 c5 2. Nc3 Nc6 3. f4 g6 4. Nf3 Bg7 5. Bb5 Nd4 6. O-O Nxb5 7. Nxb5 Nf6 8.
d3 O-O 9. Qe1 d5 10. f5 dxe4 11. dxe4 gxf5 12. e5 Ne4 13. Bf4 Be6 14. b3 Qb6
15. c4 a6 16. Nc3 Nxc3 17. Qxc3 Rad8 18. Qe3 Bd7 19. Rae1 Bc6 20. Bh6 Be4 21.
Bxg7 Kxg7 22. Qg5+ Kh8 23. Qxe7 Rde8 24. Qd6 Qxd6 25. exd6 Rd8 26. Rd1 Rg8 27.
g3 Kg7 28. Ng5 Rge8 29. Rd2 h6 30. Nh3 Re6 31. Rfd1 Bf3 32. Rf1 Bg4 33. Nf4
Rexd6 34. Rxd6 Rxd6 35. h3 Bd1 36. Nd5 Bc2 37. Ne3 Rd2 38. Nxc2 Rxc2 39. Rxf5
Rxa2 40. Rxc5 Rb2 41. h4 Rxb3 42. Kg2 b6 43. Rc6 a5 44. c5 b5 45. Ra6 a4 46. c6
a3 47. c7 Rc3 48. Rxa3 Rxc7 49. Rb3 Rb7 50. Kf3 Kf6 51. Kf4 b4 52. g4 Rb5 53.
Ke4 h5 54. Kf4 hxg4 55. Kxg4 Kg6 56. Kf4 Kh5 57. Kg3 f5 58. Rb2 b3 59. Kf4 Kg6
60. Ke3 Rb4 61. Kf3 Rxh4 62. Kg3 Rb4 63. Kh3 Kf6 64. Kg3 Ke5 65. Kf3 Kd4 66.
Ke2 Kc3 0-1

[Event "III Open Hotel Petra FIDE"]
[Site "Roma ITA"]
[Date "2005.03.18"]
[Round "5"]
[White "Luzi, Alessandro"]
[Black "Rossi, Aldo A."]
[Result "0-1"]
[WhiteElo "1948"]
[BlackElo "2127"]
[PlyCount "54"]
[EventDate "2005.03.14"]

1. e4 c5 2. Nf3 d6 3. d3 Nc6 4. g3 g6 5. Bg2 Bg7 6. O-O e5 7. Nbd2 Nge7 8. Re1
O-O 9. Nf1 f5 10. exf5 Nxf5 11. Ne3 Be6 12. Nxf5 Bxf5 13. Nh4 Be6 14. c3 Qf6
15. Qc2 d5 16. h3 h6 17. Nf3 Rf7 18. a3 a5 19. Qe2 Raf8 20. b4 axb4 21. axb4
cxb4 22. Bb2 e4 23. dxe4 bxc3 24. Ba3 Rc8 25. exd5 Bxd5 26. Nh4 Bxg2 27. Nxg2
Nd4 0-1

[Event "III Open Hotel Petra FIDE"]
[Site "Roma ITA"]
[Date "2005.03.18"]
[Round "5"]
[White "Renzi, Marco"]
[Black "Trebeschi, Andrea"]
[Result "1-0"]
[WhiteElo "2009"]
[BlackElo "2102"]
[PlyCount "59"]
[EventDate "2005.03.14"]

1. e4 d6 2. d4 Nf6 3. Nc3 g6 4. f4 Bg7 5. h3 c5 6. d5 O-O 7. Nf3 Nh5 8. Bd3 Ng3
9. Rg1 c4 10. Ne2 cxd3 11. Nxg3 dxc2 12. Qxc2 Qb6 13. Ke2 Bd7 14. Be3 Qa6+ 15.
Kf2 Rc8 16. Qd2 Ba4 17. Rac1 Nd7 18. b3 Bb5 19. a4 Bd3 20. Bd4 Nc5 21. Ke3
Bxd4+ 22. Nxd4 f5 23. exf5 Bxf5 24. Ngxf5 gxf5 25. Nxf5 Nxb3 26. Qb2 Qb6+ 27.
Kf3 e5 28. dxe6 Nd2+ 29. Qxd2 Qb3+ 30. Qe3 1-0

[Event "III Open Hotel Petra FIDE"]
[Site "Roma ITA"]
[Date "2005.03.18"]
[Round "5"]
[White "Vannelli, Vittorio"]
[Black "De Carolis, Maurizio"]
[Result "1-0"]
[WhiteElo "1954"]
[BlackElo "1868"]
[PlyCount "121"]
[EventDate "2005.03.14"]

1. e4 d6 2. d4 Nf6 3. Nc3 c6 4. Bd3 e5 5. Nge2 Be7 6. O-O O-O 7. Be3 Ng4 8. Ng3
Nxe3 9. fxe3 Bg5 10. Qe2 Nd7 11. a4 Nf6 12. Nf5 Bxf5 13. Rxf5 Nd7 14. Bc4 Bf6
15. Rd1 Qe7 16. Qg4 Kh8 17. Ne2 g6 18. Rf2 Bg7 19. Ng3 exd4 20. exd4 Nb6 21.
Bb3 a5 22. c3 d5 23. Rdf1 Rad8 24. Ne2 Nc4 25. Bxc4 dxc4 26. e5 Kg8 27. Nf4 Qd7
28. Qe2 b5 29. axb5 cxb5 30. Re1 Rfe8 31. Qf1 Re7 32. Rfe2 Rde8 33. Qf3 b4 34.
Qd5 Qxd5 35. Nxd5 Rb7 36. e6 fxe6 37. Rxe6 Rxe6 38. Rxe6 bxc3 39. bxc3 Rb5 40.
Nc7 Rb3 41. d5 Rxc3 42. Ra6 Rc1+ 43. Kf2 c3 44. Ne6 c2 45. Ra8+ Kf7 46. Ra7+
Kf6 47. Rc7 a4 48. Nxg7 a3 49. d6 a2 50. Ne8+ Kg5 51. Rc5+ Kh6 52. d7 Rf1+ 53.
Kg3 c1=Q 54. Rxc1 Rxc1 55. d8=Q Rc3+ 56. Kf2 Rc2+ 57. Kf3 Rc3+ 58. Kg4 Rc4+ 59.
Kh3 Rc3+ 60. g3 Rc5 61. Qd2+ 1-0

[Event "III Open Hotel Petra FIDE"]
[Site "Roma ITA"]
[Date "2005.03.19"]
[Round "6"]
[White "Marta, Daniele"]
[Black "Barletta, Antonio"]
[Result "0-1"]
[WhiteElo "2045"]
[BlackElo "2081"]
[PlyCount "56"]
[EventDate "2005.03.14"]

1. d4 Nf6 2. c4 g6 3. Nc3 Bg7 4. e4 d6 5. f3 O-O 6. Be3 c6 7. Nge2 e5 8. d5
cxd5 9. cxd5 Na6 10. Nc1 Nh5 11. Be2 f5 12. O-O f4 13. Bf2 Bf6 14. g4 fxg3 15.
hxg3 Bg5 16. Kg2 Bf4 17. Rh1 Qg5 18. g4 Bxc1 19. Qxc1 Nf4+ 20. Kf1 h5 21. Bh4
Qh6 22. Be7 Bxg4 23. Bxf8 Rxf8 24. Qe3 g5 25. Bd1 Nc5 26. Rh2 Bxf3 27. Bxf3 g4
28. Qg1 Nh3 0-1

[Event "III Open Hotel Petra FIDE"]
[Site "Roma ITA"]
[Date "2005.03.19"]
[Round "6"]
[White "Ramondino, Renzo"]
[Black "Luzi, Alessandro"]
[Result "1-0"]
[WhiteElo "2220"]
[BlackElo "1948"]
[PlyCount "57"]
[EventDate "2005.03.14"]

1. e4 e5 2. Nf3 Nc6 3. Bb5 a6 4. Ba4 Nf6 5. O-O Be7 6. Re1 b5 7. Bb3 O-O 8. a4
Bb7 9. d3 d6 10. Nbd2 Na5 11. Ba2 c5 12. Nf1 Rc8 13. Ne3 c4 14. Nf5 cxd3 15.
cxd3 Nc6 16. Bd2 Nd7 17. Nxe7+ Nxe7 18. axb5 axb5 19. Ba5 Qe8 20. Bb4 Nc5 21.
d4 exd4 22. Nxd4 Nc6 23. Nf5 Rd8 24. Bc3 Ne6 25. Qh5 Ne5 26. f4 Nxf4 27. Qh4
Nfg6 28. Qg5 Qc6 29. h4 1-0

[Event "III Open Hotel Petra FIDE"]
[Site "Roma ITA"]
[Date "2005.03.19"]
[Round "6"]
[White "Renzi, Marco"]
[Black "Rossi, Aldo A."]
[Result "0-1"]
[WhiteElo "2009"]
[BlackElo "2127"]
[PlyCount "114"]
[EventDate "2005.03.14"]

1. e4 c5 2. Nf3 d6 3. Bc4 Nc6 4. O-O g6 5. Nc3 Bg7 6. Re1 Nf6 7. b3 O-O 8. Bb2
Bg4 9. h3 Bxf3 10. Qxf3 Nd4 11. Qd1 Nd7 12. Rb1 e6 13. Nb5 Nxb5 14. Bxg7 Kxg7
15. Bxb5 a6 16. Bxd7 Qxd7 17. d4 Qc6 18. d5 exd5 19. exd5 Qd7 20. Qd2 Rae8 21.
Qc3+ f6 22. Qg3 Re5 23. Rxe5 fxe5 24. Re1 Qf5 25. Re2 b5 26. Qe3 b4 27. Kf1 Qf4
28. Ke1 Qd4 29. Qxd4 cxd4 30. Kd2 Kf6 31. Kd3 Rc8 32. Ke4 g5 33. h4 h6 34.
hxg5+ hxg5 35. Rd2 Rc3 36. g4 Kg6 37. Re2 Rc5 38. Rd2 Ra5 39. Rd1 Rxa2 40. Rc1
Ra5 41. Rh1 Rc5 42. Ra1 a5 43. Ra2 Kf6 44. Rb2 Rc8 45. Ra2 Rc3 46. Rb2 Ke7 47.
Ra2 Kd7 48. Rxa5 Rxc2 49. Ra7+ Kc8 50. Rg7 Rxf2 51. Rxg5 Rf4+ 52. Kd3 Rf3+ 53.
Kc4 d3 54. Rh5 d2 55. Rh1 Rc3+ 56. Kxb4 Rc1 57. Rh8+ Kb7 0-1

[Event "III Open Hotel Petra FIDE"]
[Site "Roma ITA"]
[Date "2005.03.19"]
[Round "6"]
[White "Trebeschi, Andrea"]
[Black "Vannelli, Vittorio"]
[Result "1-0"]
[WhiteElo "2102"]
[BlackElo "1954"]
[PlyCount "83"]
[EventDate "2005.03.14"]

1. e4 c5 2. Nf3 d6 3. Bc4 Nf6 4. d3 Nc6 5. h3 e6 6. Bb3 Be7 7. O-O O-O 8. c3 e5
9. Re1 a5 10. a4 Be6 11. Nbd2 Qd7 12. Nc4 Rae8 13. Ng5 Bd8 14. Nf3 Bxc4 15.
Bxc4 d5 16. exd5 Nxd5 17. Qb3 Nb6 18. Bb5 Qf5 19. Be3 Nd7 20. Bxc6 bxc6 21.
Rad1 Re6 22. Qc4 Rg6 23. Qe4 Qe6 24. Kf1 Re8 25. Qc4 Qd5 26. Bc1 Rge6 27. b3
Nb6 28. Qxd5 Nxd5 29. Bb2 Bf6 30. Nd2 Rb8 31. Re4 Nf4 32. Ba3 Nxd3 33. Nc4 Nf4
34. Nxa5 Nd5 35. Rd3 Nf4 36. Rd7 Nd5 37. c4 Nc3 38. Re3 e4 39. Bxc5 Re5 40.
Nxc6 Rxb3 41. Nxe5 Rb1+ 42. Re1 1-0

[Event "III Open Hotel Petra FIDE"]
[Site "Roma ITA"]
[Date "2005.03.19"]
[Round "7"]
[White "Barletta, Antonio"]
[Black "Luzi, Alessandro"]
[Result "1-0"]
[WhiteElo "2081"]
[BlackElo "1948"]
[PlyCount "69"]
[EventDate "2005.03.14"]

1. e4 e5 2. Nf3 Nc6 3. Bb5 a6 4. Ba4 Nf6 5. O-O b5 6. Bb3 Be7 7. Re1 O-O 8. d4
d6 9. c3 Bg4 10. Be3 Na5 11. Bc2 Nc4 12. Bc1 Nd7 13. b3 Ncb6 14. Bb2 c5 15.
Nbd2 f5 16. exf5 Bxf5 17. Bxf5 Rxf5 18. Ne4 exd4 19. cxd4 c4 20. Qe2 Rf8 21.
Nxd6 Bxd6 22. Qe6+ Kh8 23. Qxd6 Qf6 24. Re6 Qf5 25. Rae1 Qc2 26. R6e2 Qf5 27.
Ne5 Rae8 28. d5 Rd8 29. Nxd7 Nxd7 30. Qe6 Qf4 31. Ba3 Rf6 32. Qxd7 Rxd7 33.
Re8+ Rf8 34. Rxf8+ Qxf8 35. Bxf8 1-0

[Event "III Open Hotel Petra FIDE"]
[Site "Roma ITA"]
[Date "2005.03.19"]
[Round "7"]
[White "De Carolis, Maurizio"]
[Black "Renzi, Marco"]
[Result "0-1"]
[WhiteElo "1868"]
[BlackElo "2009"]
[PlyCount "62"]
[EventDate "2005.03.14"]

1. c4 c5 2. Nc3 Nc6 3. g3 g6 4. Bg2 Bg7 5. e3 d6 6. Nge2 Nf6 7. O-O O-O 8. d4
cxd4 9. Nxd4 Qb6 10. Nxc6 bxc6 11. Qc2 Rb8 12. b3 Bf5 13. e4 Nxe4 14. Bxe4 Bxe4
15. Qxe4 Bxc3 16. Be3 Qc7 17. Rad1 Rfe8 18. h4 h5 19. g4 hxg4 20. Qxg4 Kg7 21.
Rd3 Bf6 22. h5 Rh8 23. hxg6 Rbg8 24. f4 fxg6 25. Rf2 Kf7 26. Re2 Rh4 27. Qf3
Qd7 28. Rg2 Rgh8 29. Qg3 Qf5 30. Rdd2 Rh1+ 31. Kf2 Bh4 0-1

[Event "III Open Hotel Petra FIDE"]
[Site "Roma ITA"]
[Date "2005.03.19"]
[Round "7"]
[White "Rossi, Aldo A."]
[Black "Marta, Daniele"]
[Result "1-0"]
[WhiteElo "2127"]
[BlackElo "2045"]
[PlyCount "131"]
[EventDate "2005.03.14"]

1. d4 Nf6 2. Nf3 g6 3. Bf4 Bg7 4. e3 d6 5. h3 Nbd7 6. Be2 O-O 7. O-O c6 8. Nbd2
Re8 9. Bh2 e5 10. Nc4 Ne4 11. dxe5 dxe5 12. Nfxe5 Nxe5 13. Qxd8 Rxd8 14. Nxe5
Be6 15. Rfd1 a5 16. a3 Bf6 17. Rxd8+ Rxd8 18. Rd1 Rxd1+ 19. Bxd1 Nc5 20. Kf1
Be7 21. Nd3 Bc4 22. Be2 Ne4 23. f3 Nd6 24. b3 Be6 25. a4 Nf5 26. Kf2 b5 27. Bc7
bxa4 28. bxa4 Bd6 29. Bxd6 Nxd6 30. Ne5 c5 31. Nc6 Bd7 32. Nxa5 Bxa4 33. Bd3 f6
34. Ke2 Kf7 35. Nc4 Nb7 36. Be4 Bb5 37. Bxb7 Bxc4+ 38. Kd2 g5 39. Be4 Bf1 40.
f4 h6 41. Ke1 Bb5 42. Bf5 Ke7 43. g3 Kd6 44. e4 Ba4 45. c3 Be8 46. h4 gxh4 47.
gxh4 Bh5 48. Kf2 Bd1 49. Kg3 Bh5 50. Kf2 Bd1 51. Bg6 Ke6 52. Ke3 Ba4 53. Kd3
Bb5+ 54. Ke3 Ba4 55. Bh5 Kd6 56. Be2 Be8 57. Bc4 Bc6 58. Kf3 Ba4 59. Kg4 Bd1+
60. Kf5 Ke7 61. Kg6 h5 62. e5 fxe5 63. fxe5 Bg4 64. Kg5 Bd1 65. Kf4 Bg4 66. Ke4
1-0

[Event "III Open Hotel Petra FIDE"]
[Site "Roma ITA"]
[Date "2005.03.19"]
[Round "7"]
[White "Trebeschi, Andrea"]
[Black "Ramondino, Renzo"]
[Result "1/2-1/2"]
[WhiteElo "2102"]
[BlackElo "2220"]
[PlyCount "84"]
[EventDate "2005.03.14"]

1. e4 c5 2. Nf3 d6 3. Bc4 Nf6 4. d3 Nc6 5. c3 g6 6. O-O Bg7 7. Re1 O-O 8. Bb3
b6 9. Nbd2 Ba6 10. Nf1 Ne5 11. Bc2 Rc8 12. Ne3 Nfd7 13. h3 Nxf3+ 14. Qxf3 Bb7
15. Qe2 e6 16. Bb3 b5 17. Bd2 a5 18. a4 c4 19. dxc4 Nc5 20. Bc2 bxa4 21. Bxa4
Bxe4 22. Bc2 Bxc2 23. Nxc2 Nb3 24. Rad1 Nxd2 25. Rxd2 Be5 26. Na3 Qf6 27. g3
Qe7 28. f4 Bg7 29. Red1 Rfd8 30. Nb5 Rc6 31. Qe4 Qb7 32. Kh2 Qb6 33. g4 Qc5 34.
Na3 Rc7 35. Qf3 Rcd7 36. Kg3 g5 37. fxg5 Qxg5 38. h4 Qc5 39. Kg2 Be5 40. Kh3
Rb8 41. Rf1 Rf8 42. Rdf2 Kh8 1/2-1/2

[Event "III Torneo Hotel Petra"]
[Site "Roma ITA"]
[Date "2005.03.14"]
[Round "1"]
[White "Corvi, Marco"]
[Black "Vuelban, Virgilio"]
[Result "1-0"]
[WhiteElo "2302"]
[BlackElo "2328"]
[PlyCount "71"]
[EventDate "2005.03.14"]

1. c4 g6 2. Nc3 Bg7 3. g3 c5 4. Bg2 Nc6 5. e4 d6 6. Nge2 e6 7. d3 Nge7 8. Rb1
O-O 9. O-O Rb8 10. Bg5 h6 11. Be3 Nd4 12. Qd2 Kh7 13. b4 Nec6 14. b5 Nxe2+ 15.
Nxe2 Nd4 16. f4 f5 17. Nxd4 cxd4 18. Bf2 b6 19. exf5 gxf5 20. Qe2 Qf6 21. Be1
e5 22. Bb4 Rf7 23. Qh5 Bf8 24. Bd5 Rg7 25. Rbe1 Bd7 26. Qf3 Re8 27. Kh1 exf4
28. Rxe8 Bxe8 29. Qxf4 Bd7 30. a3 Rg6 31. g4 Kg7 32. gxf5 Rg5 33. Be4 Be7 34.
h4 Rxf5 35. Bxf5 Bxf5 36. Qxf5 1-0

[Event "III Torneo Hotel Petra"]
[Site "Roma ITA"]
[Date "2005.03.14"]
[Round "1"]
[White "Di Caro, Calogero"]
[Black "Vocaturo, Daniele"]
[Result "1/2-1/2"]
[WhiteElo "2397"]
[BlackElo "2276"]
[PlyCount "47"]
[EventDate "2005.03.14"]

1. Nf3 d6 2. d4 Nf6 3. c4 g6 4. Nc3 Bg7 5. e4 O-O 6. Be2 e5 7. O-O Qe8 8. dxe5
dxe5 9. b3 Qd7 10. Qc2 Rd8 11. Rd1 Qe8 12. Rxd8 Qxd8 13. Nxe5 Qe7 14. f4 Nbd7
15. Nxd7 Bxd7 16. Rb1 Nxe4 17. Nxe4 Bf5 18. Bd3 Bd4+ 19. Kh1 Bxe4 20. Bxe4 Re8
21. Bd2 Qxe4 22. Qxe4 Rxe4 23. Re1 Rxe1+ 24. Bxe1 1/2-1/2

[Event "III Torneo Hotel Petra"]
[Site "Roma ITA"]
[Date "2005.03.14"]
[Round "1"]
[White "Martorelli, Antonio"]
[Black "Djuric, Stefan"]
[Result "0-1"]
[WhiteElo "2273"]
[BlackElo "2470"]
[PlyCount "82"]
[EventDate "2005.03.14"]

1. e4 Nf6 2. e5 Nd5 3. d4 d6 4. Nf3 Bg4 5. h3 Bxf3 6. Qxf3 dxe5 7. dxe5 e6 8.
a3 c6 9. c4 Ne7 10. Nc3 Ng6 11. Qe4 Nd7 12. Be3 Ndxe5 13. Rd1 Qc7 14. f4 Nd7
15. g3 Be7 16. Bg2 Nf6 17. Qf3 O-O 18. O-O Rfe8 19. Qf2 b6 20. b4 Rac8 21. g4
Rcd8 22. g5 Rxd1 23. Rxd1 Nh5 24. Ne2 e5 25. f5 Ngf4 26. Bxf4 Nxf4 27. Nxf4
exf4 28. h4 a5 29. c5 bxc5 30. bxa5 Bf8 31. a6 Re3 32. a4 c4 33. Kh1 c3 34. a7
Qxa7 35. Qxf4 c2 36. Rc1 Qc5 37. a5 Bd6 38. Qf1 Qe5 39. Kg1 Qh2+ 40. Kf2 Qg3+
41. Kg1 Bc5 0-1

[Event "III Torneo Hotel Petra"]
[Site "Roma ITA"]
[Date "2005.03.14"]
[Round "1"]
[White "Miladinovic, Igor"]
[Black "Kaps, Darja"]
[Result "1/2-1/2"]
[WhiteElo "2611"]
[BlackElo "2287"]
[PlyCount "21"]
[EventDate "2005.03.14"]

1. d4 Nf6 2. c4 e6 3. Nc3 Bb4 4. g3 d5 5. Bg2 O-O 6. cxd5 exd5 7. Nf3 c6 8. O-O
Re8 9. Qb3 Bd6 10. Bd2 Nbd7 11. Rad1 1/2-1/2

[Event "III Torneo Hotel Petra"]
[Site "Roma ITA"]
[Date "2005.03.14"]
[Round "1"]
[White "Piscopo, Pierluigi"]
[Black "Fayard, Alain"]
[Result "1-0"]
[WhiteElo "2344"]
[BlackElo "2288"]
[PlyCount "81"]
[EventDate "2005.03.14"]

1. e4 c5 2. Nf3 d6 3. c3 Nf6 4. Be2 e6 5. O-O Be7 6. Re1 O-O 7. Bf1 b6 8. d4
Bb7 9. Bd3 cxd4 10. cxd4 Nc6 11. a3 e5 12. b4 exd4 13. Bb2 Nd7 14. Nxd4 Nxd4
15. Bxd4 Bf6 16. Bb5 Ne5 17. Nc3 Rc8 18. Rc1 Rc7 19. Bf1 Re8 20. Nb5 Rxc1 21.
Qxc1 Ng4 22. Qd1 Ne5 23. Nxa7 d5 24. f4 Ng6 25. e5 Be7 26. g3 f6 27. e6 Qd6 28.
Nb5 Qc6 29. Nc3 Ra8 30. Qb3 Qd6 31. Bg2 Rd8 32. Na4 f5 33. Nxb6 Qc6 34. Nd7 Nf8
35. Nxf8 Kxf8 36. Qd3 g6 37. Qe3 Qd6 38. Bc5 Qc7 39. Bb6 Qd6 40. Bxd8 Bxd8 41.
Qe5 1-0

[Event "III Torneo Hotel Petra"]
[Site "Roma ITA"]
[Date "2005.03.15"]
[Round "2"]
[White "Djuric, Stefan"]
[Black "Piscopo, Pierluigi"]
[Result "1/2-1/2"]
[WhiteElo "2470"]
[BlackElo "2344"]
[PlyCount "42"]
[EventDate "2005.03.14"]

1. d4 Nf6 2. c4 g6 3. g3 Bg7 4. Bg2 O-O 5. Nf3 d6 6. O-O c6 7. Nc3 Qa5 8. h3 e5
9. e4 Nbd7 10. Re1 exd4 11. Nxd4 Ne5 12. Bf1 Re8 13. Rb1 d5 14. exd5 cxd5 15.
b4 Qd8 16. c5 Ne4 17. Bb2 Nc4 18. Nxe4 Nxb2 19. Nf6+ Bxf6 20. Rxe8+ Qxe8 21.
Rxb2 Bd7 1/2-1/2

[Event "III Torneo Hotel Petra"]
[Site "Roma ITA"]
[Date "2005.03.15"]
[Round "2"]
[White "Fayard, Alain"]
[Black "Lazic, Miroljub"]
[Result "0-1"]
[WhiteElo "2288"]
[BlackElo "2517"]
[PlyCount "84"]
[EventDate "2005.03.14"]

1. c4 e6 2. Nc3 d5 3. d4 c6 4. e4 dxe4 5. Nxe4 Bb4+ 6. Bd2 Qxd4 7. Bxb4 Qxe4+
8. Be2 Na6 9. Bd6 Qxg2 10. Bf3 Qg5 11. Ne2 Ne7 12. Rg1 Qf6 13. Nc3 Nf5 14. Ba3
c5 15. Qa4+ Bd7 16. Qa5 Nd6 17. Bxb7 Nxb7 18. Qxa6 Qe5+ 19. Kf1 Qc7 20. Rxg7
Qb6 21. Qxb6 axb6 22. Rd1 Bc6 23. Nb5 Ke7 24. Rd3 Ra4 25. Nc3 Rxc4 26. b3 Rh4
27. h3 h6 28. Rg4 Rxg4 29. hxg4 b5 30. b4 Ra8 31. Ne2 c4 32. Rh3 Be4 33. Bc1
Rxa2 34. Bxh6 Bd3 35. Re3 Rb2 36. Ke1 Bxe2 37. Rxe2 Rb1+ 38. Kd2 Rxb4 39. Kc2
Ra4 40. Kb2 Nc5 41. Be3 Nd3+ 42. Kc3 Kd6 0-1

[Event "III Torneo Hotel Petra"]
[Site "Roma ITA"]
[Date "2005.03.15"]
[Round "2"]
[White "Kaps, Darja"]
[Black "Vuelban, Virgilio"]
[Result "1/2-1/2"]
[WhiteElo "2287"]
[BlackElo "2328"]
[PlyCount "73"]
[EventDate "2005.03.14"]

1. e4 c5 2. Nf3 d6 3. d4 cxd4 4. Nxd4 Nf6 5. Nc3 Nc6 6. Bc4 Qb6 7. Nde2 e6 8.
Bb3 a6 9. O-O Be7 10. Kh1 O-O 11. f4 Qc7 12. Ng3 b5 13. a3 Kh8 14. f5 Bd7 15.
Bg5 Ne5 16. Nh5 Rae8 17. Bxf6 gxf6 18. Qd2 Qd8 19. Rf4 Rg8 20. Raf1 Ref8 21.
Qf2 Rg5 22. Nxf6 Bxf6 23. fxe6 Ng4 24. Rxg4 Rxg4 25. Qxf6+ Qxf6 26. Rxf6 Bxe6
27. Bxe6 Rg6 28. Rxf7 Rxf7 29. Bxf7 Rf6 30. g3 Rxf7 31. Kg2 Kg7 32. Nd5 Kf8 33.
Nf4 Ke7 34. Kf3 Kf6 35. Ke3 Ke5 36. Nd3+ Ke6 37. Nf4+ 1/2-1/2

[Event "III Torneo Hotel Petra"]
[Site "Roma ITA"]
[Date "2005.03.15"]
[Round "2"]
[White "Miladinovic, Igor"]
[Black "Martorelli, Antonio"]
[Result "1-0"]
[WhiteElo "2611"]
[BlackElo "2273"]
[PlyCount "79"]
[EventDate "2005.03.14"]

1. d4 Nf6 2. Bg5 e6 3. e3 c5 4. c3 b6 5. Nd2 Bb7 6. Ngf3 Be7 7. Bd3 cxd4 8.
exd4 d6 9. Bxf6 Bxf6 10. Qe2 Nd7 11. a4 a6 12. h4 h6 13. g4 Be7 14. O-O-O g6
15. Rde1 Nf6 16. g5 Nd5 17. Be4 h5 18. Bxd5 Bxd5 19. c4 Qc7 20. Kb1 Bxf3 21.
Qxf3 O-O 22. Qd3 b5 23. Rxe6 fxe6 24. Qxg6+ Kh8 25. Qh6+ Kg8 26. Qxe6+ Kg7 27.
Qh6+ Kg8 28. Qg6+ Kh8 29. Qxh5+ Kg7 30. Qh6+ Kg8 31. Re1 Rxf2 32. Ne4 Rf4 33.
Qe6+ Kh8 34. Qh6+ Kg8 35. Rg1 Rxe4 36. Qg6+ Kf8 37. Qxe4 Rc8 38. g6 Bf6 39. h5
Qxc4 40. h6 1-0

[Event "III Torneo Hotel Petra"]
[Site "Roma ITA"]
[Date "2005.03.15"]
[Round "2"]
[White "Mrdja, Milan"]
[Black "Di Caro, Calogero"]
[Result "1-0"]
[WhiteElo "2395"]
[BlackElo "2397"]
[PlyCount "69"]
[EventDate "2005.03.14"]

1. e4 e6 2. d4 d5 3. Nc3 Bb4 4. e5 c5 5. Qg4 Ne7 6. a3 Ba5 7. Qxg7 Rg8 8. Qxh7
cxd4 9. b4 dxc3 10. bxa5 Nbc6 11. f4 Qxa5 12. Rb1 Bd7 13. Ne2 O-O-O 14. Qd3 d4
15. Ng3 f5 16. exf6 Nd5 17. Ne4 Be8 18. Qh3 Kb8 19. Bd3 Bg6 20. O-O Bf5 21. Qf3
Bg4 22. Qf2 Ne3 23. Bxe3 dxe3 24. Qxe3 Nd4 25. Ng5 Qc5 26. Rfe1 Qxa3 27. Qe5+
Qd6 28. Kf2 Bf5 29. Bxf5 Nxf5 30. Rbd1 Qxe5 31. Rxd8+ Rxd8 32. Rxe5 Rd2+ 33.
Kf3 Nd4+ 34. Kg3 Nf5+ 35. Kh3 1-0

[Event "III Torneo Hotel Petra"]
[Site "Roma ITA"]
[Date "2005.03.15"]
[Round "2"]
[White "Vocaturo, Daniele"]
[Black "Corvi, Marco"]
[Result "1/2-1/2"]
[WhiteElo "2276"]
[BlackElo "2302"]
[PlyCount "141"]
[EventDate "2005.03.14"]

1. e4 Nf6 2. e5 Nd5 3. d4 d6 4. Nf3 dxe5 5. Nxe5 g6 6. Bc4 c6 7. O-O Bg7 8. Re1
O-O 9. Bb3 Be6 10. h3 a5 11. c3 Nc7 12. Bxe6 Nxe6 13. Qb3 Bxe5 14. Rxe5 Nd7 15.
Re1 Qb6 16. Qc2 Qb5 17. Be3 a4 18. c4 Qh5 19. Nc3 a3 20. bxa3 c5 21. d5 Nd4 22.
Bxd4 cxd4 23. Nb5 Rfc8 24. Rad1 Nb6 25. Rxd4 Nxd5 26. Qd3 Nb6 27. Rxe7 Qc5 28.
Qe3 Rf8 29. Re5 Qc6 30. Qh6 Qf6 31. Rh4 Qg7 32. Qxg7+ Kxg7 33. Re7 Rac8 34. Nd6
Rc6 35. Rd4 Nc8 36. Nxc8 Rfxc8 37. Rdd7 Rf6 38. Re4 b6 39. Kf1 Ra8 40. Re3 Rc8
41. Re4 Ra8 42. Rd3 Ra4 43. f3 Rc6 44. Rc3 Ra5 45. Ke2 Rg5 46. g4 Rgc5 47. Kd2
h5 48. a4 hxg4 49. hxg4 f5 50. gxf5 Rxf5 51. Rd3 Ra5 52. Ra3 Rac5 53. Kd3 Rf5
54. f4 Kf6 55. Rb3 Ra5 56. Rb4 Rh5 57. Rb5 Rd6+ 58. Rd4 Rh3+ 59. Ke4 Re6+ 60.
Re5 Rc6 61. Kd5 Rc5+ 62. Kd6 Rc8 63. Kd7 Rhh8 64. Rd6+ Kg7 65. Re7+ Kh6 66.
Rxb6 Rhd8+ 67. Ke6 Rxc4 68. f5 Kg5 69. f6 Rf8 70. Ra6 Rxf6+ 71. Kd5 1/2-1/2

[Event "III Torneo Hotel Petra"]
[Site "Roma ITA"]
[Date "2005.03.15"]
[Round "3"]
[White "Corvi, Marco"]
[Black "Mrdja, Milan"]
[Result "1/2-1/2"]
[WhiteElo "2302"]
[BlackElo "2395"]
[PlyCount "89"]
[EventDate "2005.03.14"]

1. c4 g6 2. Nc3 Bg7 3. Nf3 c5 4. g3 Nc6 5. Bg2 h5 6. h4 Nh6 7. d3 Nf5 8. e4
Nfd4 9. Nxd4 Nxd4 10. Ne2 d6 11. Nxd4 Bxd4 12. Qe2 Rb8 13. Be3 Qa5+ 14. Bd2 Qa6
15. Bc3 Bxc3+ 16. bxc3 O-O 17. O-O b5 18. Rfb1 Bg4 19. f3 Be6 20. cxb5 Rxb5 21.
c4 Rb4 22. g4 hxg4 23. fxg4 Rfb8 24. Rxb4 cxb4 25. Bf3 Qa3 26. Rb1 a5 27. Qc2
a4 28. Bd1 Bd7 29. Kf2 e5 30. Ke3 b3 31. axb3 Rxb3 32. Rxb3 axb3 33. Qxb3 Qc1+
34. Kf2 Qd2+ 35. Kf1 Qf4+ 36. Ke1 Kg7 37. Qb6 Qg3+ 38. Kd2 Qf4+ 39. Qe3 Qh2+
40. Kc3 Qxh4 41. g5 Qh1 42. Qf2 Be6 43. Kd2 Kg8 44. Kc2 Kh7 45. Bg4 1/2-1/2

[Event "III Torneo Hotel Petra"]
[Site "Roma ITA"]
[Date "2005.03.15"]
[Round "3"]
[White "Di Caro, Calogero"]
[Black "Fayard, Alain"]
[Result "1/2-1/2"]
[WhiteElo "2397"]
[BlackElo "2288"]
[PlyCount "70"]
[EventDate "2005.03.14"]

1. d4 d5 2. Nc3 Nf6 3. Bg5 Nbd7 4. Qd3 c6 5. Nf3 Qa5 6. Bd2 Qc7 7. e4 dxe4 8.
Nxe4 e6 9. Nxf6+ Nxf6 10. O-O-O b6 11. g3 Bb7 12. Bf4 Bd6 13. Bxd6 Qxd6 14. Bg2
O-O 15. Ne5 Rfd8 16. f4 Qc7 17. Qe3 Nd5 18. Qf2 Rac8 19. c4 Ne7 20. Rhe1 Ng6
21. Ng4 Ne7 22. Ne3 c5 23. d5 exd5 24. cxd5 Ba6 25. f5 Rd6 26. Ng4 h5 27. Ne5
c4 28. Nc6 Nxc6 29. dxc6 Bb5 30. Rxd6 Qxd6 31. Rd1 Qh6+ 32. Qd2 Qxd2+ 33. Kxd2
Bxc6 34. Bxc6 Rxc6 35. Ke3 Rc7 1/2-1/2

[Event "III Torneo Hotel Petra"]
[Site "Roma ITA"]
[Date "2005.03.15"]
[Round "3"]
[White "Lazic, Miroljub"]
[Black "Djuric, Stefan"]
[Result "1/2-1/2"]
[WhiteElo "2517"]
[BlackElo "2470"]
[PlyCount "21"]
[EventDate "2005.03.14"]

1. e4 e5 2. Nf3 Nc6 3. Bb5 a6 4. Ba4 Nf6 5. O-O Be7 6. Re1 b5 7. Bb3 O-O 8. c3
d6 9. h3 h6 10. d4 Re8 11. Nbd2 1/2-1/2

[Event "III Torneo Hotel Petra"]
[Site "Roma ITA"]
[Date "2005.03.15"]
[Round "3"]
[White "Martorelli, Antonio"]
[Black "Kaps, Darja"]
[Result "0-1"]
[WhiteElo "2273"]
[BlackElo "2287"]
[PlyCount "120"]
[EventDate "2005.03.14"]

1. e4 c5 2. Nf3 Nc6 3. Bb5 e6 4. O-O Nge7 5. Re1 a6 6. Bxc6 Nxc6 7. d4 cxd4 8.
Nxd4 Qc7 9. Nxc6 bxc6 10. e5 Bb7 11. Nd2 d5 12. exd6 Bxd6 13. Nc4 Bxh2+ 14. Kh1
O-O 15. Qg4 f5 16. Qh4 Bd6 17. Rxe6 Rae8 18. Rxd6 Re1+ 19. Kh2 Re4 20. Bf4 Rxc4
21. Rad1 Bc8 22. g3 Qf7 23. Re1 Re4 24. Rxe4 fxe4 25. Rd8 Rxd8 26. Qxd8+ Qf8
27. Qc7 Qe8 28. Kg2 Bg4 29. Be5 Qd7 30. Qxd7 Bxd7 31. Kf1 Kf7 32. Ke2 g6 33.
Ke3 Bf5 34. c4 Ke6 35. Bf4 c5 36. Bh6 Kd6 37. Kf4 Be6 38. b3 Bf5 39. g4 Be6 40.
Bf8+ Kc6 41. g5 a5 42. Ke5 Bf5 43. Kf6 e3 44. fxe3 Bb1 45. a4 Bc2 46. Kg7 Bxb3
47. Kxh7 Bc2 48. Kg7 Bxa4 49. Kxg6 Bb3 50. e4 Bxc4 51. Kf6 a4 52. Bg7 a3 53.
Ke7 Bd3 54. e5 Kd5 55. e6 Bf5 56. Ba1 Bxe6 57. g6 Bf5 58. g7 Bh7 59. Kf6 Ke4
60. Ke6 Kd3 0-1

[Event "III Torneo Hotel Petra"]
[Site "Roma ITA"]
[Date "2005.03.15"]
[Round "3"]
[White "Piscopo, Pierluigi"]
[Black "Miladinovic, Igor"]
[Result "1/2-1/2"]
[WhiteElo "2344"]
[BlackElo "2611"]
[PlyCount "25"]
[EventDate "2005.03.14"]

1. e4 c5 2. Nf3 Nc6 3. d4 cxd4 4. Nxd4 Qc7 5. Nc3 e6 6. Be2 a6 7. f4 b5 8. Nxc6
Qxc6 9. Bf3 Bb7 10. Be3 Rc8 11. Qd4 b4 12. e5 Qc7 13. Ne4 1/2-1/2